| 000 | 00816cam a2200241 4500 | ||
|---|---|---|---|
| 001 | B2739 | ||
| 008 | 090401t1988 xxu||||| |||| 00| 0 eng d | ||
| 035 | _a(Sirsi) u51811 | ||
| 041 | _aeng | ||
| 050 | _a692.9 | ||
| 110 |
_aJoint Contracts Tribunal _93664 |
||
| 245 | _aStandard forms of nominated sub-contract (NSC/4 and NSC/4a) 1980 edition ... amendment 7 ... standard method of measurement 7th edition: bills of quantities prepared in accordance with SMM7 | ||
| 260 |
_aLondon _bBEC Publications _c1988 |
||
| 300 | _a11p. ; 30cm. | ||
| 350 | _a0.4 | ||
| 520 | _aCopies of original contracts filed at JCT 1980/12A and JCT 1980/13A. | ||
| 650 | _aJCT STANDARD FORMS OF NOMINATED SUB-CONTRACT 1980 | ||
| 650 | _aNSC4 | ||
| 650 | _aNSC4A | ||
| 650 | _aSUBCONTRACTS | ||
| 942 | _n0 | ||
| 948 | _c04/03/1997 | ||
| 999 |
_c92958 _d92958 |
||